000 00540nam a2200205Ia 4500
005 20260429112253.0
008 260429s9999||||xx |||||||||||||| ||und||
020 _a9780691161600
041 _aEnglish
082 _a822.33
_bBAT
100 _aBate, Jonathan
245 0 _aHow the classics made Shakespeare /
_cJonathan Bate
250 _a1st ed.
260 _aPrinceton :
_bPrinceton University Press,
_c2019.
300 _axiv, 361 p.; hb
650 _a Classics
650 _a Literature
650 _aShakespeare
942 _cTB
999 _c53233
_d53233